| 000 | 00479nam a22001697a 4500 | ||
|---|---|---|---|
| 005 | 20231109141551.0 | ||
| 008 | 231109b |||||||| |||| 00| 0 eng d | ||
| 041 | _aEnglish | ||
| 082 | _a346.2 CHR | ||
| 100 |
_aChristie, RH _lEnglish |
||
| 245 |
_aThe Law of the Contract in South Africa / _cRH Christie |
||
| 250 | _aFifth Edition | ||
| 260 | _c2007 | ||
| 300 |
_b661 pages ; _c25 cm. |
||
| 650 |
_aLegal practice _bLaw |
||
| 942 |
_cBK _6ALISON_BN_VRIES |
||
| 999 |
_c491 _d491 |
||